Ligue des Champions: Finalistes mais jamais Vainqueurs (Mort subite) - Statistiques

Statistiques générales
  • Ce quiz a été pris 398 fois
    56 depuis la dernière actualisation
  • Le résultat moyen est 14 sur 18
Answers on the Grid
Answers color-coded by a green-red scale on the quiz's grid according to % correct below.
Atlético de Madrid
Stade de Reims
Valence FC
Fiorentina
Eintracht Francfort
Partizan Belgrade
Panathinaïkós
Leeds United
AS Saint-Etienne
Borussia Mönchengladbach
Club Bruges
Malmö FF
AS Rome
Sampdoria Gênes
Bayer Leverkusen
AS Monaco
Arsenal
Tottenham
Paris SG
Aston Villa
PSV Eindhoven
Feyenoord Rotterdam
Celtic Glasgow
Nottingham Forest
FC Porto
Hambourg SV
Borussia Dortmund
Steaua Bucarest
Olympique de Marseille
Benfica Lisbonne
 
Statistiques - réponses
Réponse % Correct
1974 2014 2016 Atlético de Madrid
93%
2019 Tottenham
93%
2004 AS Monaco
90%
1956 1959 Stade de Reims
90%
2006 Arsenal
87%
1976 AS Saint-Etienne
87%
2002 Bayer Leverkusen
83%
1957 Fiorentina
80%
1975 Leeds United
77%
1992 Sampdoria Gênes
77%
2000 2001 Valence FC
77%
1984 AS Rome
73%
1977 Borussia Mönchengladbach
73%
1978 Club Bruges
73%
1960 Eintracht Francfort
73%
1979 Malmö FF
73%
1971 Panathinaïkós
73%
1966 Partizan Belgrade
73%
Aucun quiz correspondant
Distribution des résultats
% des personnes avec chaque résultat
Percentile par nombre de réponses
Votre historique - résultats
Vous n’avez pas pris ce quiz depuis la dernière actualisation